000 00334nam a2200145Ia 4500
003 OSt
005 20240305095734.0
008 170524s9999 xx 000 0 und d
020 _a978-8131718728
040 _ciimtu meerut
100 _aCHATURVEDI
245 0 _aBUSINESS COMMUNICATION
260 _bCONCEPT PUB. CO.
942 _2ddc
_c02
999 _c7992
_d7992